| 000 | 00407nam a22001817a 4500 | ||
|---|---|---|---|
| 003 | OSt | ||
| 005 | 20260402121551.0 | ||
| 008 | 260402b |||||||| |||| 00| 0 eng d | ||
| 020 | _a9788194653851 | ||
| 082 |
_a8H1.4337 _bKAUA |
||
| 100 | _aKaul, Manav | ||
| 245 | _aAntima | ||
| 260 |
_aNew Delhi _bHind Yugm _c2025 |
||
| 300 | _a224p | ||
| 546 | _aHindi | ||
| 650 | _aHindi Literature | ||
| 942 |
_2ddc _cBK |
||
| 999 |
_c3974 _d3974 |
||